[Event "YUG-ch sf (Women)"]
[Site "Nis"]
[Date "1995.??.??"]
[Round "?"]
[White "Boskovic, Malina"]
[Black "Zivkovic, Vesna"]
[Result "0-1"]
[WhiteElo "2055"]
[BlackElo "2190"]
[PlyCount "91"]
[EventDate "1995.??.??"]
[EventType "swiss"]
[EventRounds "11"]
[EventCountry "YUG"]
[SourceTitle "EXT 2000"]
[Source "ChessBase"]
[SourceDate "1999.11.16"]
[SourceVersion "1"]
[SourceVersionDate "1999.11.16"]
[SourceQuality "1"]

1. e4 c5 2. b3 d6 3. Bb2 e5 4. Bb5+ Nc6 5. Ne2 Nf6 6. Bxc6+ bxc6 7. d3 g6 8. 0-0 Bg7 9. Nd2 0-0 10. Ng3 Qc7 11. Qe2 Re8 12. a4 d5 13. Rae1 Nd7 14. h3 d4 15. Bc1 Nf8 16. Nc4 Ne6 17. Qf3 Ba6 18. Ne2 Bxc4 19. dxc4 Rad8 20. Rd1 Qe7 21. Qg3 f5 22. exf5 gxf5 23. Qf3 Rf8 24. Qh5 Qf7 25. Ng3 e4 26. Rfe1 Qxh5 27. Nxh5 Be5 28. g4 Rde8 29. Kg2 Bc7 30. Bh6 Rf7 31. Rg1 f4 32. Rge1 e3 33. fxe3 fxe3 34. Re2 Nf4+ 35. Bxf4 Bxf4 36. Rf1 Ref8 37. h4 Be5 38. Rxf7 Kxf7 39. Ng3 Bxg3 40. Kxg3 Ke6 41. c3 Ke5 42. b4 Ke4 43. cxd4 cxd4 44. b5 cxb5 45. cxb5 d3 46. Rb2 0-1

[Event "YUG-ch sf (Women)"]
[Site "Nis"]
[Date "1995.??.??"]
[Round "?"]
[White "Tadic, Katarina"]
[Black "Boskovic, Malina"]
[Result "0-1"]
[WhiteElo "2141"]
[BlackElo "2055"]
[PlyCount "67"]
[EventDate "1995.??.??"]
[EventType "swiss"]
[EventRounds "11"]
[EventCountry "YUG"]
[SourceTitle "EXT 2000"]
[Source "ChessBase"]
[SourceDate "1999.11.16"]
[SourceVersion "1"]
[SourceVersionDate "1999.11.16"]
[SourceQuality "1"]

1. d4 e6 2. Nf3 d5 3. Bf4 c6 4. e3 Bd6 5. Ne5 Qe7 6. Qf3 Bxe5 7. Bxe5 f6 8. Bxb8 Rxb8 9. c3 f5 10. Nd2 Nf6 11. h3 0-0 12. Be2 Bd7 13. g4 Ne4 14. Nxe4 fxe4 15. Qg3 c5 16. h4 cxd4 17. exd4 Rbe8 18. g5 Bc6 19. 0-0-0 b5 20. Kb1 a5 21. Rc1 Qf7 22. Rhf1 Qf4 23. Qh3 Bd7 24. Bg4 Re7 25. Rg1 Qd6 26. Rgf1 Ref7 27. Rc2 Rf4 28. Re2 b4 29. Re3 Rxf2 30. Rxf2 Rxf2 31. Re2 Rf8 32. Rc2 Kh8 33. h5 Bb5 34. Rg2 0-1

[Event "YUG-ch (Women)"]
[Site "Smederevo"]
[Date "1994.04.27"]
[Round "9"]
[White "Boskovic, Malina"]
[Black "Tomasevic, Tanja"]
[Result "1-0"]
[WhiteElo "2075"]
[BlackElo "2200"]
[PlyCount "76"]
[EventDate "1994.04.18"]
[EventType "swiss"]
[EventRounds "10"]
[EventCountry "YUG"]
[SourceTitle "EXT 2018"]
[Source "ChessBase"]
[SourceDate "2017.10.13"]
[SourceVersion "1"]
[SourceVersionDate "2017.10.13"]
[SourceQuality "1"]

1. e4 c5 2. b3 Nc6 3. Bb2 Nf6 4. e5 Nd5 5. g3 e6 6. Bg2 Be7 7. Nf3 0-0 8. 0-0 f6 9. Na3 fxe5 10. Nxe5 Nxe5 11. Bxe5 d6 12. Bb2 Bf6 13. d4 Kh8 14. c4 Nc7 15. Qd2 cxd4 16. Bxd4 e5 17. Be3 e4 18. Rad1 Bg4 19. f3 exf3 20. Bxf3 Bh3 21. Rf2 Qe7 22. Nc2 Be5 23. Bxb7 Rxf2 24. Bxf2 Rf8 25. Bg2 Bxg2 26. Kxg2 Ne6 27. Be3 Qf7 28. Qe2 Qb7+ 29. Kg1 Qe4 30. Qd3 Qg4 31. Rf1 Bf4 32. Kg2 h5 33. Nd4 Bxe3 34. Rxf8+ Nxf8 35. Qxe3 Ng6 36. h3 Qd1 37. Nf3 Qc2+ 38. Kf1 h4 1-0

[Event "YUG-ch (Women)"]
[Site "Smederevo"]
[Date "1994.04.21"]
[Round "4"]
[White "Grujic, Danijela"]
[Black "Boskovic, Malina"]
[Result "1/2-1/2"]
[WhiteElo "2005"]
[BlackElo "2075"]
[PlyCount "130"]
[EventDate "1994.04.18"]
[EventType "swiss"]
[EventRounds "10"]
[EventCountry "YUG"]
[SourceTitle "EXT 2018"]
[Source "ChessBase"]
[SourceDate "2017.10.13"]
[SourceVersion "1"]
[SourceVersionDate "2017.10.13"]
[SourceQuality "1"]

1. e4 e6 2. d4 d5 3. exd5 exd5 4. Bd3 Nf6 5. Nf3 Be7 6. 0-0 0-0 7. h3 Nbd7 8. Re1 Re8 9. Bf4 Nf8 10. c3 Ng6 11. Bh2 c6 12. Nbd2 Bd6 13. Rxe8+ Nxe8 14. Ne5 Qc7 15. Ndf3 Be6 16. Qc2 Nf8 17. Ng5 g6 18. Re1 Ng7 19. Qd2 f6 20. Nxe6 Nfxe6 21. Ng4 Bxh2+ 22. Nxh2 Qf4 23. Qc2 Re8 24. g3 Qd6 25. Ng4 Ng5 26. Rxe8+ Nxe8 27. h4 Nf7 28. h5 f5 29. Qe2 Kf8 30. Ne5 Ng7 31. hxg6 hxg6 32. c4 dxc4 33. Bxc4 Nxe5 34. dxe5 Qd4 35. Bb3 Ke7 36. Qe1 Ne6 37. Qa5 f4 38. Qa3+ c5 39. Qxa7 fxg3 40. Qxb7+ Kf8 41. Qf3+ Nf4 42. Qe3 gxf2+ 43. Kxf2 Qxb2+ 44. Kf3 Nh5 45. Qh6+ Ke7 46. Qh7+ Kd8 47. Qg8+ Kc7 48. Qf7+ Kd8 49. Qf8+ Kd7 50. Qd6+ Kc8 51. Qc6+ Kd8 52. Qb6+ Ke7 53. Qd6+ Ke8 54. Qxg6+ Ke7 55. Qxh5 Qc3+ 56. Kg4 Qd4+ 57. Kf5 Qd3+ 58. Kg5 c4 59. Bxc4 Qxc4 60. Qh7+ Ke8 61. Qg6+ Ke7 62. Qd6+ Ke8 63. a3 Qc1+ 64. Kg6 Qg1+ 65. Kh7 Qg7+ 1/2-1/2